|
|
|
|
| LEADER |
00000nam0a2200000 4500 |
| 001 |
325124 |
| 005 |
20231102003731.0 |
| 035 |
|
|
|a (RuTPU)RU\TPU\book\350735
|
| 090 |
|
|
|a 325124
|
| 100 |
|
|
|a 20161129d1978 km y0rusy50 ca
|
| 101 |
0 |
|
|a rus
|
| 102 |
|
|
|a RU
|
| 105 |
|
|
|a a z 001zy
|
| 200 |
1 |
|
|a Феноменальные структуры Земли
|f В. П. Гаврилов
|g Академия наук СССР (АН СССР)
|
| 210 |
|
|
|a Москва
|c Наука
|d 1978
|
| 215 |
|
|
|a 152 с.
|c ил.
|
| 225 |
1 |
|
|a Планета Земля и Вселенная
|
| 320 |
|
|
|a Библиогр.: с. 143
|
| 606 |
1 |
|
|a Разломы глубинные
|2 stltpush
|3 (RuTPU)RU\TPU\subj\23610
|9 48173
|
| 610 |
1 |
|
|a Земля
|
| 610 |
1 |
|
|a структура
|
| 610 |
1 |
|
|a материки
|
| 610 |
1 |
|
|a океаны
|
| 610 |
1 |
|
|a строение
|
| 610 |
1 |
|
|a МПИ
|
| 610 |
1 |
|
|a месторождения полезных ископаемых
|
| 610 |
1 |
|
|a формирование
|
| 675 |
|
|
|a 551.243.8
|v 4
|
| 700 |
|
1 |
|a Гаврилов
|b В. П.
|g Виктор Петрович
|
| 712 |
0 |
2 |
|a Академия наук СССР (АН СССР)
|c (Ленинград/Москва)
|c (1925-1991)
|2 stltpush
|3 (RuTPU)RU\TPU\col\722
|
| 801 |
|
1 |
|a RU
|b 63413507
|c 20161129
|
| 801 |
|
2 |
|a RU
|b 63413507
|c 20200710
|g RCR
|
| 942 |
|
|
|c BK
|